|
|
|
|
| LEADER |
00000cam a2200000 i 4500 |
| 001 |
1/96936 |
| 008 |
081110s1976 gre d |
| 035 |
|
|
|l 10101527
|
| 040 |
|
|
|a GR-MY-UA
|b gre
|e aacr
|
| 041 |
0 |
|
|a gre
|
| 082 |
0 |
|
|a 889.334
|2 (22)
|
| 100 |
1 |
|
|a Μαραθεύτης, Μιχαλάκης Ι.,
|d 1926-
|
| 245 |
1 |
0 |
|a Οικογένεια Νόντα :
|b (δραματική τριλογία) /
|c Μιχαλάκη Ι. Μαραθεύτη
|
| 260 |
|
|
|a Λευκωσία :
|b [χ.ό.],
|c 1976
|
| 300 |
|
|
|a 63 σ.;
|c 24 εκ.
|
| 500 |
|
|
|a Περιέχονται τα έργα: Σκίρτημα ελευθερίας - Ο ύπνος του ευδαιμονισμού - Πόνος και κάθαρση
|
| 650 |
0 |
0 |
|a Greek literature, Modern
|z Cyprus.
|
| 650 |
0 |
0 |
|a Greek fiction, Modern
|z Cyprus.
|
| 651 |
|
0 |
|a Cyprus
|x Literatures.
|
| 852 |
|
|
|a INST
|b RHODES
|c AKA
|e 20081110
|h 889.334 ΜΑΡ
|p 005400031119
|q 005400031119
|t BK
|y 0
|
| 901 |
|
|
|a BIBL4-2008-3
|
| 909 |
|
|
|a Ρ
|b 153562
|
| 970 |
|
|
|a ΧΑΡΙΟΠΟΛΙΤΟΥ
|b ΚΩΝΣΤΑΝΤΙΝΑ
|z 2008/11/10
|